| 000 | 01053nam a2200289 c 4500 | ||
|---|---|---|---|
| 005 | 20161128083131.0 | ||
| 008 | 160121s1998 ag fr|||| 001 0 spa d | ||
| 020 | _a9788492891092 | ||
| 035 | _a(OCoLC)732337343 | ||
| 040 |
_aSpMaBN _bspa _cSaul Niño _dSaul Niño |
||
| 041 | _aspa | ||
| 100 | 1 |
_aWalsh, Rodolfo J. _d1927-1977 _974983 |
|
| 245 | 1 | 3 |
_aEl violento oficio de escribir _bobra periodística _cRodolfo Walsh ; Edición a cargo de Daniel Link ; prólogo de Rogelio García Lupo |
| 250 | _a2a ed | ||
| 260 |
_aBuenos Aires (Argentina) _bPlaneta _c1998 |
||
| 300 | _a438 páginas | ||
| 490 | 0 | _aEspejo de la Argentina | |
| 500 | _aIncluye índice | ||
| 650 |
_aPeriodismo _xAspectos sociales _950774 |
||
| 650 |
_aPolítica y gobierno _922032 |
||
| 650 |
_99465 _aArte de escribir |
||
| 651 | 7 |
_aArgentina _xPolítica y gobierno _y1955-1983 _974984 |
|
| 690 |
_aPeriodismo _921340 |
||
| 700 | 1 |
_aGarcía Lupo, Rogelio _eprólogo _978149 |
|
| 942 |
_2DEWEY _a24 _cLIBRO _e2 _h070.4482 _mW223vi |
||
| 999 |
_c302349 _d302349 |
||